000 02659aam a2200301 i 4500
001 768714001
003 CO-MdFUSB
005 20240806115308.0
007 ta
008 240802t1989 ck |||| |||| 00| 0 spa d
040 _cCO-MdFUSB
041 0 _aspa
082 0 4 _a572
_223
_bZ35c
100 1 _aZapata Olivella, Manuel
_eautor
245 1 4 _aLas claves mágicas de América :
_b(raza, clase y cultura)
_c/ Manuel Zapata Olivella
264 1 _bPlaza y Janés,
_aBogotá, Colombia :
_c[1989]
264 4 _c©1989
300 _a180 páginas
_c; 18 cm
336 _atexto
_btxt
_2rdacontent
337 _2rdamedia
_asin mediación
_bn
338 _2rdacarrier
_avolumen
_bnc
490 _aSelección Cultura Colombiana,
505 _gPrimera parte:
_tGenocidios, esclavitud y servidumbre de la Raza Indígena
_aLa Violencia Sexual contra La Mujer India. -- El Mestizo: Hijo de Hombre y Animal.
_gSegunda parte:
_tOpresión Racial y Explotación Cultural:
_aEl Reordenamiento del Régimen Esclavista. -- La Trata de Negros y la Acumulación Capitalista en la Explotación Colonial. -- Explotación Física del Africano en el Sistema Colonial. --Teoría y Práctica de la Explotación del Negro en América. -- Culturas Africanas, Estratos y Superestratos.
_gTercera Parte:
_tCreatividad del Negro Bajo la Opresión:
_aSituación Histórica. -- Pensamiento Religioso y Sociedad Africana. -- La Defensa de la Vida. -- Mecanismos Psicoreligiosos de Defensa. -- Puentes de Contacto entre el Cristianismo y las Religiones Africanas. -- Antinomios y Recreación Culturales. -- Los Ritos de Muerte y la Música Negra. -- Las Religiones Liberadoras.
_gCuarta Parte:
_tDel Racismo de Castas en la Sociedad Colonial
_aViolencia y Racismo. -- La Pirámide Racial en la Sociedad Colonial. -- La Supremacía Blanca en el Sistema de Castas. -- El Miedo al Color. -- El Color y el Sexo. -- El Negro utilizado como Agente Agresor del Indio. -- Las claves mágicas de América.
_gQuinta Parte:
_tLa lucha de Razas y Clases en las Guerras de Independencia y la República:
_aLas Constituciones Esclavistas. -- Negro e Indios. -- Ciudadanos de Segunda Clase. -- El Carácter Racista de la Manumisión. -- ¿Abolición de la Esclavitud o Liberación de Masas Esclavizadas? -- Las Revueltas Antiesclavistas del Pueblo Negro. -- Proletarización de las Etnias Oprimidas y Lucha de Clases en la Sociedad Republicana. -- Discriminación y Marginamiento en los Descendientes de Esclavos. -- La situación discriminatoria Telón de Fondo. -- El hombre americano
563 _aRústico
653 _aSociología de América
942 _cBK
945 _aJTF-925
999 _c39950
_d39950